| 000 | 00512nam a2200193 a 4500 | ||
|---|---|---|---|
| 001 | 14802 | ||
| 003 | CO-ViMGA | ||
| 008 | 141112s2004 ck r 000 u spa d | ||
| 020 | _a9580455716 | ||
| 040 |
_aCO-ViMGA _bspa _cCO-ViMGA |
||
| 082 | 0 | 4 | _aGARa |
| 100 | 1 |
_aGarcia Marquez, Gabriel; Sole vendrel, Carme _921496 |
|
| 245 | 1 | 0 | _aLa luz es como el agua |
| 260 |
_aBtá, _cNorma, _c1999 |
||
| 300 | _a28.p.il | ||
| 590 | _aEjemplares : 2 | ||
| 650 | 1 | 4 |
_aCUENTOS INFANTILES COLOMBIANOS _92369 |
| 942 |
_2ddc _cBK |
||
| 999 |
_c25293 _d25293 |
||